QUEST Central Library Banner

Principles of radar, by members of the staff of the radar school, massachusetts institute of technology / (Record no. 564)

MARC details
000 -LEADER
fixed length control field 00591nam a2200145 a 4500
100 1# - MAIN ENTRY--AUTHOR NAME
Personal name Reintjes, J. Francis and Coates, Godfrey T.
245 10 - TITLE STATEMENT
Title Principles of radar, by members of the staff of the radar school, massachusetts institute of technology /
250 ## - EDITION STATEMENT
Edition statement Third Edition.
260 ## - PUBLICATION, DISTRIBUTION, ETC. (IMPRINT)
Place of publication [S.l.] :
Name of publisher McGraw Hill,
Year of publication 1952.
300 ## - PHYSICAL DESCRIPTION
Number of Pages 985 p. ;
856 40 - ELECTRONIC LOCATION AND ACCESS
Uniform Resource Identifier http://www.amazon.com/exec/obidos/ASIN/B000JETOQ8/chopaconline-20
Holdings
Withdrawn status Lost status Home library Current library Date acquired Accession Number Koha item type Full call number
    Book Bank Section Book Bank Section 25/04/2014 B1026 Books  
    Book Bank Section Book Bank Section 12/02/2020 B1929 Books FRA
    Book Bank Section Book Bank Section 12/02/2020 B1930 Books FRA
    Book Bank Section Book Bank Section 12/02/2020 B1931 Books FRA

Copyright © 2018,The QUEST, Nawabshah, Shaheed Benazirabad. All rights reserved
Mr. G. Farooq Channar (Librarian) QUEST, Nawabshah, Sindh, Pakistan 67480.
 Ph#: |   0244-9370381-4 Ext. 2308   Email| lib@quest.edu.pk   Web|  http://www.quest.edu.pk